00682nam a2200169Ia 4500008004100000041001200041082001600053100001800069245003000087260003700117300000800154650000700162942000700169999001500176952017000191952015100361221030s9999 xx 000 0 und d aEnglish a105.23bSaw aA. K. Sawhney 0aElectrical Machine Design bDhanpat Rai PubaNew Delhic1997 a919 aEE cBK c1327d1327 pBE 203g130.00l0o105.23 Sawr2024-06-13 00:00:00w2022-10-30yBK003Print4070aMIETLIBbMIETLIBcBL-Academic Block C, FL-1, CUP-93, SH-2, R-2d1998-12-2410HBE pBE 204l0o105.23 Sawr2024-06-13 00:00:00w2022-10-30yBK003Print4070aMIETLIBbMIETLIBcBL-First, FL-1, CUP-35, SH-2, R-2d1998-12-2410HBE